000 00334nam a22001457a 4500
008 210311b ||||| |||| 00| 0 eng d
020 _a0871500361
041 _aeng
080 _22nd
_a311
082 _22nd
_a311
100 _a55
101 _aSTA
245 _aStatistical Thinking for Managers
_cHildebrand,K.D
942 _2udc
_cBK
999 _c56458
_d56458